000 00759nam a2200277Ia 4500
001 G5351
003 IT-RoPAU
008 130308s9999 xx 000 0 und d
040 _aIT-RoPAU
040 _cIT-RoPAU
041 _aITALIANO
100 _aBarbieri Daniele
100 _gCodice Aut. SPICS: 19979
245 _aFumetti (I)
245 _bMediaevo (Il). tv e Industria Culturale nell'Italia del Xx Secolo
250 _a1a ed.
260 _aROMA
260 _bCarocci
260 _c2000 [1° Ed.:2000 - Ed.Ling.Originale:2000]
300 _a"10 p. (prefazione: no ; testo: 10 [pagine: 403-412])"
650 _aSOCIOLOGIA DELLA COMUNICAZIONE SOCIALE
650 _eCodice materia Spics: 3806
942 _cBK
957 _71
999 _c80253
_d80253
999 _g1